Word Ladder: MCU Actors Quiz Stats

 Plays Quiz Updated Apr 28, 2019

Score 0/37 Timer 04:00
5 Plays Today
Hint Word % Correct
∞ ____ Larson, as Captain Marvel ∞∞ BRIE ∞
92.9%
∞ ____ Bautista, as Drax ∞∞ DAVE ∞
87.8%
∞ ____ Ruffalo, as the Hulk ∞∞ MARK ∞
87.7%
∞ Idris ____, as Heimdall ∞∞ ELBA ∞
84.9%
∞ ____ Blanchett, as Hela ∞∞ CATE ∞
84.5%
∞ ____ Bettany, as Vision ∞∞ PAUL ∞
84.1%
∞ Paul ____, as Ant-Man ∞∞ RUDD ∞
80.9%
White as a ghostPALE
77.9%
Get-out-of-jail cashBAIL
76.5%
One of the Great LakesERIE
73.2%
Take the plungeDIVE
73%
Londoner or LiverpudlianBRIT
72.3%
Fishhook attachmentBAIT
71.8%
Cover with asphaltPAVE
70.9%
Show concernCARE
68.5%
Less than illuminatedDARK
67.8%
Chain armorMAIL
67.7%
Burial clothPALL
66%
What Mario might driveKART
65.4%
Hint Word % Correct
Easter activityHUNT
64.8%
∞ Winston ____, as M'Baku ∞∞ DUKE ∞
63.6%
UncivilRUDE
63.5%
Confront a challengeDARE
63.2%
Badly injureMAUL
62.7%
∞ William ____, as Thunderbolt Ross ∞∞ HURT ∞
59.3%
RegurgitatePUKE
57.8%
'Night' author WieselELIE
57.3%
A flood barrierDIKE
57.2%
The tiniest memberRUNT
55.9%
German river to the North SeaELBE
53.6%
∞ ____ Urban, as Skurge ∞∞ KARL ∞
52.6%
Odin's alphabet itemRUNE
52.1%
Top of the headPATE
51%
∞ Lee ____, as Ronan ∞∞ PACE ∞
49.8%
He's got antlersHART
49.5%
A crumbly soil mixtureMARL
45.9%
A brownish purplePUCE
44.2%

Today's Daily Dose

Missing Word
Banned Books (A-Z)

Word Ladder
Janis Joplin

Get the Picture
Occupations

You're not logged in!

Compare scores with friends on all Sporcle quizzes.
OR
Log In

Sporcle TV

Today on Sporcle TV


Watch our educational content, quiz creation guides, and fun videos on Sporcle TV.

Show Comments

Extras

Top Quizzes Today


Score Distribution

Your Account Isn't Verified!

In order to create a playlist on Sporcle, you need to verify the email address you used during registration. Go to your Sporcle Settings to finish the process.

Report this User

Report this user for behavior that violates our Community Guidelines.

Details: